000 00599nam a2200205Ia 4500
001 15838
003 GE_BSU
008 181216s||||||||xx |||||||||||||| ||und||
040 _cGE_BSU
080 _a821.353.1-1
100 _aხოსიტაშვილი, ბ.
245 _aლექსები
245 _cრედ.გ.ლეონიძე. მხატვ.ი. ჯანაშვილი
260 _aთბილისი
260 _bსაბჭ. მწერალი
260 _c1956.
300 _a160გვ. ; 21სმ
653 _aლექსები
942 _cBK
999 _c48935
_d48935